Speech Acts (Record no. 27994)

MARC details
000 -LEADER
fixed length control field 00531nam a2200121Ia 4500
008 - FIXED-LENGTH DATA ELEMENTS--GENERAL INFORMATION
fixed length control field 220620s9999||||xx |||||||||||||| ||und||
100 ## - MAIN ENTRY--PERSONAL NAME
Personal name Hill, Wes
245 #0 - TITLE STATEMENT
Title Speech Acts
Remainder of title Richard Grayson and Matt Mullican
546 ## - LANGUAGE NOTE
Language note English[eng]
650 ## - SUBJECT ADDED ENTRY--TOPICAL TERM
Topical term or geographic name entry element Performance art||Psychology of language and meaning||Philosophy of personal and community engagement||Film and video art||Humour||irony and provocation through creative monologues
856 ## - ELECTRONIC LOCATION AND ACCESS
Uniform Resource Identifier <a href="https://library.oapen.org/bitstream/20.500.12657/39703/1/speech-acts.epub">https://library.oapen.org/bitstream/20.500.12657/39703/1/speech-acts.epub</a>
942 ## - ADDED ENTRY ELEMENTS (KOHA)
Koha item type E-Books
Holdings
Withdrawn status Lost status Damaged status Not for loan Home library Current library Date acquired Total Checkouts Date last seen Price effective from Koha item type
        Kerala University of Digital Sciences, Innovation and Technology Knowledge Centre Kerala University of Digital Sciences, Innovation and Technology Knowledge Centre 20/06/2022   20/06/2022 20/06/2022 E-Books